00646nam a2200181 u 450000100100000000500170001000800410002702000150006804000250008310000330010824500620014126000400020330000310024350400260027450000420030095201050034299900170044700002025320200929170331.0100802s1999 dr c 000 0 spa d a8487507530 aDO-SdBNPbspacBNPHU1 aRey, Albert C.d1948-94286910aAlbert Einstein :bgrandes biografías /cAlbert C. Rey. aEspaña :bEdiciones Rueda,c1999. a199 p. :bretrs. ;c25 cm. aBibliografía p: 198 aIncluye datos biografícos del autor 0010718PDaPDbPDcHDd2015-06-29iLF1l0o p20253-10r2020-06-25w2020-06-25yLFPDZNo se presta c19757d19757